[Event "Montcalm 3 2007-08"]
[Site "Quebec CAN"]
[Date "2007.12.13"]
[Round "5"]
[White "Auger, Bertrand"]
[Black "Caire, Francois"]
[Result "0-1"]
[WhiteElo "2018"]
[BlackElo "2206"]
[PlyCount "78"]
[GameId "2160767910566109"]
[EventDate "2007.11.15"]
[EventType "tourn"]
[EventRounds "5"]
[EventCountry "CAN"]
[SourceTitle "EXT 2022"]
[Source "ChessBase"]
[SourceDate "2021.10.06"]
[SourceVersion "1"]
[SourceVersionDate "2021.10.06"]
[SourceQuality "1"]

1. Nf3 c5 2. g3 Nc6 3. Bg2 e5 4. d3 d5 5. O-O Nf6 6. c4 d4 7. a3 a5 8. b3 h6 9. Re1 Bd6 10. Nbd2 Be6 11. Nf1 O-O 12. e3 Qd7 13. exd4 exd4 14. Bb2 Bf5 15. Nh4 Bh7 16. f4 Rfe8 17. Qf3 Rxe1 18. Rxe1 Re8 19. Rxe8+ Qxe8 20. Bc1 Qe1 21. Bd2 Qb1 22. f5 Qxb3 23. Qe2 Qxa3 24. g4 Nb4 25. Be4 Nxe4 26. Qxe4 Nxd3 27. Qe8+ Bf8 28. g5 hxg5 29. Bxg5 f6 30. Ng6 Bxg6 31. fxg6 Ne5 32. Bf4 Nxg6 33. Qxg6 Qf3 34. Qf5 Qc6 35. Nd2 a4 36. Ne4 a3 37. Nd6 Bxd6 38. Qe6+ Kh7 39. Bxd6 a2 0-1

[Event "Montcalm 3 2007-08"]
[Site "Quebec CAN"]
[Date "2007.12.13"]
[Round "5"]
[White "Caron, Sebastien"]
[Black "Myre, Eric"]
[Result "0-1"]
[WhiteElo "2008"]
[BlackElo "1922"]
[PlyCount "69"]
[GameId "2160767910566110"]
[EventDate "2007.11.15"]
[EventType "tourn"]
[EventRounds "5"]
[EventCountry "CAN"]
[SourceTitle "EXT 2022"]
[Source "ChessBase"]
[SourceDate "2021.10.06"]
[SourceVersion "1"]
[SourceVersionDate "2021.10.06"]
[SourceQuality "1"]

1. e4 c5 2. Nf3 Nc6 3. d4 cxd4 4. Nxd4 g6 5. Nc3 Bg7 6. Be3 Nf6 7. f3 O-O 8. Qd2 d5 9. exd5 Nxd5 10. Nxc6 bxc6 11. Nxd5 cxd5 12. c3 Qa5 13. Bh6 Bxh6 14. Qxh6 d4 15. Qd2 dxc3 16. Qxc3 Qb6 17. O-O-O Be6 18. Kb1 Rac8 19. Qa3 Rc5 20. b3 Rfc8 21. Bd3 Rc3 22. Ba6 Bf5+ 23. Ka1 Qf6 24. Qb2 Qxa6 25. Rd8+ Rxd8 26. Qxc3 Qd3 27. Qxd3 Rxd3 28. Re1 Be6 29. Re2 a5 30. Kb2 Kg7 31. Ka3 Rd4 32. Re5 a4 33. b4 Rd2 34. Kxa4 Rxa2+ 35. Kb5 0-1

[Event "Montcalm 3 2007-08"]
[Site "Quebec CAN"]
[Date "2007.12.13"]
[Round "5"]
[White "Lemieux, Pierre"]
[Black "Sauve, Richard"]
[Result "1/2-1/2"]
[WhiteElo "2021"]
[BlackElo "1017"]
[PlyCount "84"]
[GameId "2160767910566111"]
[EventDate "2007.11.15"]
[EventType "tourn"]
[EventRounds "5"]
[EventCountry "CAN"]
[SourceTitle "EXT 2022"]
[Source "ChessBase"]
[SourceDate "2021.10.06"]
[SourceVersion "1"]
[SourceVersionDate "2021.10.06"]
[SourceQuality "1"]

1. d4 d5 2. Nf3 Nf6 3. Bf4 c5 4. e3 Qb6 5. Qc1 Nc6 6. c3 Bf5 7. dxc5 Qxc5 8. Nbd2 e6 9. Nb3 Qb6 10. Nh4 Be4 11. f3 Bg6 12. Nxg6 hxg6 13. Bd3 Nh5 14. Qd2 Nxf4 15. exf4 Rxh2 16. O-O-O Rxh1 17. Rxh1 a5 18. g4 a4 19. Na1 Bc5 20. Nc2 O-O-O 21. f5 gxf5 22. gxf5 Ne5 23. fxe6 fxe6 24. Be2 Qc7 25. Nd4 Bxd4 26. Qxd4 Nc4 27. Rh7 a3 28. Rxg7 axb2+ 29. Kb1 Qc6 30. Qa7 Rd7 31. Rg8+ Kc7 32. Bxc4 dxc4 33. Qa5+ b6 34. Qe5+ Qd6 35. Qxd6+ Rxd6 36. Kxb2 Rd2+ 37. Ka3 Rf2 38. Kb4 Rxa2 39. Kxc4 Rf2 40. Rf8 e5 41. Kd5 Re2 42. Re8 Re3 1/2-1/2

[Event "Montcalm 3 2007-08"]
[Site "Quebec CAN"]
[Date "2007.12.13"]
[Round "5"]
[White "Plante, Rejean"]
[Black "Poliquin, Yvone"]
[Result "1-0"]
[WhiteElo "2032"]
[BlackElo "1794"]
[PlyCount "75"]
[GameId "2160767910566112"]
[EventDate "2007.11.15"]
[EventType "tourn"]
[EventRounds "5"]
[EventCountry "CAN"]
[SourceTitle "EXT 2022"]
[Source "ChessBase"]
[SourceDate "2021.10.06"]
[SourceVersion "1"]
[SourceVersionDate "2021.10.06"]
[SourceQuality "1"]

1. e4 c5 2. Nf3 d6 3. Bb5+ Nd7 4. O-O Ngf6 5. Re1 a6 6. Bxd7+ Bxd7 7. c3 Bg4 8. d4 Bxf3 9. Qxf3 e5 10. Nd2 b5 11. dxe5 dxe5 12. Qg3 Nd7 13. Nf1 Qf6 14. a4 b4 15. Ne3 Qg6 16. Qf3 Qf6 17. Qe2 Qc6 18. f3 Rc8 19. Nc4 Be7 20. a5 Ra8 21. Be3 bxc3 22. bxc3 O-O 23. Red1 Ra7 24. Rd5 Rb8 25. Nxe5 Nxe5 26. Rxe5 Rd7 27. Qc4 Rb2 28. Rf5 Qg6 29. g4 Bd6 30. e5 Bf8 31. Rf1 Qc6 32. Qe4 Qb5 33. c4 Qa4 34. e6 Re7 35. exf7+ Rxf7 36. Rxf7 Kxf7 37. Qd5+ Ke8 38. Qe5+ 1-0

[Event "Montcalm 4 2006-07"]
[Site "Quebec CAN"]
[Date "2007.01.11"]
[Round "1"]
[White "Audet-Bouchard, Nicolas"]
[Black "Auger, Bertrand"]
[Result "1-0"]
[WhiteElo "2178"]
[BlackElo "1970"]
[PlyCount "45"]
[GameId "2160767910735172"]
[EventDate "2007.01.11"]
[EventType "tourn"]
[EventRounds "5"]
[EventCountry "CAN"]
[SourceTitle "EXT 2008"]
[Source "ChessBase"]
[SourceDate "2007.11.25"]
[SourceVersion "1"]
[SourceVersionDate "2007.11.25"]
[SourceQuality "1"]

1. c4 Nf6 2. Nc3 c5 3. g3 Nc6 4. Bg2 g6 5. e3 Bg7 6. d4 O-O 7. Nge2 cxd4 8. exd4 d6 9. d5 Ne5 10. b3 Bg4 11. h3 Bf3 12. O-O Nfd7 13. Bb2 f5 14. Bxf3 Nxf3+ 15. Kg2 f4 16. Nxf4 Nh4+ 17. Kh2 Ne5 18. Ne6 Qb6 19. Qe2 Nhf3+ 20. Kg2 Nd4 21. Nxd4 Qxd4 22. f4 Nf7 23. Na4 1-0

[Event "Montcalm 4 2006-07"]
[Site "Quebec CAN"]
[Date "2007.01.11"]
[Round "1"]
[White "Boulianne, Gabriel"]
[Black "Tremblay, Charles"]
[Result "1-0"]
[WhiteElo "1567"]
[BlackElo "1208"]
[PlyCount "97"]
[GameId "2160767910735173"]
[EventDate "2007.01.11"]
[EventType "tourn"]
[EventRounds "5"]
[EventCountry "CAN"]
[SourceTitle "EXT 2008"]
[Source "ChessBase"]
[SourceDate "2007.11.25"]
[SourceVersion "1"]
[SourceVersionDate "2007.11.25"]
[SourceQuality "1"]

1. d4 Nf6 2. c4 e6 3. Nf3 Be7 4. Nc3 d5 5. cxd5 exd5 6. Bf4 O-O 7. Rc1 Bb4 8. a3 Ba5 9. b4 Bb6 10. Bg5 Be6 11. e4 dxe4 12. Nxe4 Nbd7 13. Nc5 Bxc5 14. dxc5 Re8 15. Be2 c6 16. O-O Qc7 17. Qd4 Nd5 18. Bd3 h6 19. Bh4 N7f6 20. Bg3 Qd7 21. Bd6 Bf5 22. Ne5 Qc8 23. Bc4 Qd8 24. b5 Ng4 25. Nxg4 Re4 26. Qd3 Qg5 27. Nxh6+ gxh6 28. Bxd5 Re5 29. Bxf7+ Kxf7 30. Qb3+ Be6 31. f4 Bxb3 32. fxg5+ Kg6 33. Bxe5 cxb5 34. gxh6 Kxh6 35. Rf7 Bxf7 36. c6 Rc8 37. cxb7 Rxc1+ 38. Kf2 Rc2+ 39. Ke3 Rxg2 40. b8=Q Rg8 41. Bf4+ Kh7 42. Qxb5 Re8+ 43. Kf2 Rg8 44. Qf5+ Bg6 45. Qh3+ Kg7 46. Qd7+ Bf7 47. Qxa7 Rf8 48. Qd4+ Kh7 49. a4 1-0

[Event "Montcalm 4 2006-07"]
[Site "Quebec CAN"]
[Date "2007.01.11"]
[Round "1"]
[White "Lessard, Claude"]
[Black "Plante, Rejean"]
[Result "1-0"]
[WhiteElo "1989"]
[BlackElo "2152"]
[PlyCount "93"]
[GameId "2160767910735174"]
[EventDate "2007.01.11"]
[EventType "tourn"]
[EventRounds "5"]
[EventCountry "CAN"]
[SourceTitle "EXT 2008"]
[Source "ChessBase"]
[SourceDate "2007.11.25"]
[SourceVersion "1"]
[SourceVersionDate "2007.11.25"]
[SourceQuality "1"]

1. d4 Nf6 2. c4 e6 3. Nf3 d5 4. Nc3 Be7 5. Bg5 O-O 6. e3 c5 7. dxc5 Qa5 8. cxd5 exd5 9. Bd3 Nc6 10. O-O Rd8 11. h3 Qxc5 12. Rc1 Qa5 13. a3 Be6 14. Nb5 Rac8 15. Qe2 a6 16. Nbd4 Nxd4 17. Nxd4 Bd7 18. Rfd1 Qb6 19. Bf5 g6 20. Bd3 Rxc1 21. Rxc1 Rc8 22. Rd1 Kg7 23. Nf3 Ba4 24. Re1 Qc7 25. Bf4 Bd6 26. Bxd6 Qxd6 27. Nd4 Bd7 28. f4 Ne4 29. Bxe4 dxe4 30. Qd2 Qc5 31. Qf2 h5 32. Rd1 Ba4 33. b3 Bd7 34. b4 Qe7 35. f5 Qf6 36. Rf1 gxf5 37. Qg3+ Kh7 38. Qf4 Kg6 39. Rf2 Rc1+ 40. Kh2 h4 41. Qb8 Kh7 42. Qxb7 Qe5+ 43. Rf4 Rc7 44. Qxa6 Rc3 45. Qe2 Kg8 46. a4 Bxa4 47. Nxf5 1-0

[Event "Montcalm 4 2006-07"]
[Site "Quebec CAN"]
[Date "2007.01.11"]
[Round "1"]
[White "Perreault, Jacquelin"]
[Black "Monga, Alain"]
[Result "1-0"]
[WhiteElo "1825"]
[BlackElo "1620"]
[PlyCount "35"]
[GameId "2160767910735175"]
[EventDate "2007.01.11"]
[EventType "tourn"]
[EventRounds "5"]
[EventCountry "CAN"]
[SourceTitle "EXT 2008"]
[Source "ChessBase"]
[SourceDate "2007.11.25"]
[SourceVersion "1"]
[SourceVersionDate "2007.11.25"]
[SourceQuality "1"]

1. e4 c5 2. Nf3 d6 3. d4 cxd4 4. Nxd4 Nf6 5. Nc3 a6 6. Bc4 e6 7. Bb3 Be7 8. O-O O-O 9. Qf3 Qc7 10. Re1 Nc6 11. Nxc6 Qxc6 12. Bg5 b5 13. Nd5 Bd8 14. Nxf6+ Bxf6 15. Bxf6 gxf6 16. Qxf6 Re8 17. Re3 Kf8 18. Bd5 1-0

[Event "Montcalm 4 2006-07"]
[Site "Quebec CAN"]
[Date "2007.01.11"]
[Round "1"]
[White "Sauve, Richard"]
[Black "Caron, Sebastien"]
[Result "1/2-1/2"]
[WhiteElo "2039"]
[BlackElo "1879"]
[PlyCount "98"]
[GameId "2160767910735176"]
[EventDate "2007.01.11"]
[EventType "tourn"]
[EventRounds "5"]
[EventCountry "CAN"]
[SourceTitle "EXT 2008"]
[Source "ChessBase"]
[SourceDate "2007.11.25"]
[SourceVersion "1"]
[SourceVersionDate "2007.11.25"]
[SourceQuality "1"]

1. d4 g6 2. c4 Nf6 3. Nc3 Bg7 4. e4 d6 5. f3 O-O 6. Be3 a6 7. Bd3 e5 8. d5 Ne8 9. Qd2 f5 10. exf5 gxf5 11. O-O-O Bd7 12. Kb1 c5 13. Nge2 Qa5 14. Bh6 Bxh6 15. Qxh6 Qd8 16. g4 Qf6 17. Qxf6 Rxf6 18. g5 Rf8 19. h4 Ra7 20. h5 b6 21. Kc2 Rb7 22. Ng3 b5 23. b3 b4 24. Nce2 Bc8 25. Rdg1 Rg7 26. Nf1 Kf7 27. Ne3 Kg8 28. Rg2 f4 29. Nd1 Bf5 30. Nf2 Bxd3+ 31. Kxd3 Nd7 32. Rgg1 e4+ 33. fxe4 Ne5+ 34. Kc2 Nf3 35. Rg4 Ne5 36. h6 Rg6 37. Rxf4 Rxg5 38. Rxf8+ Kxf8 39. Nf4 Ke7 40. N2d3 Nxd3 41. Kxd3 Nf6 42. Re1 Rg3+ 43. Kd2 Nd7 44. Re3 Rxe3 45. Kxe3 Kf6 46. Nh5+ Kg5 47. Ng7 Ne5 48. Nf5 Nf7 49. Kf3 Ne5+ 1/2-1/2

[Event "Montcalm 4 2006-07"]
[Site "Quebec CAN"]
[Date "2007.01.18"]
[Round "2"]
[White "Auger, Bertrand"]
[Black "Sauve, Richard"]
[Result "1/2-1/2"]
[WhiteElo "1970"]
[BlackElo "2039"]
[PlyCount "90"]
[GameId "2160767910735177"]
[EventDate "2007.01.11"]
[EventType "tourn"]
[EventRounds "5"]
[EventCountry "CAN"]
[SourceTitle "EXT 2008"]
[Source "ChessBase"]
[SourceDate "2007.11.25"]
[SourceVersion "1"]
[SourceVersionDate "2007.11.25"]
[SourceQuality "1"]

1. Nf3 e6 2. c4 d5 3. b3 Nf6 4. g3 Be7 5. Bg2 O-O 6. O-O c5 7. cxd5 Qxd5 8. Nc3 Qd7 9. Bb2 Nc6 10. Rc1 Rb8 11. Qc2 b6 12. Rfd1 Ba6 13. Qb1 e5 14. Ng5 Nd4 15. Re1 Rbd8 16. Nd5 g6 17. Nxf6+ Bxf6 18. Ne4 Bg7 19. Nc3 f5 20. d3 Bb7 21. e4 Qf7 22. Nd5 fxe4 23. dxe4 Qxf2+ 24. Kh1 Qd2 25. Rcd1 Qg5 26. Bc1 Qh5 27. Qd3 Bxd5 28. exd5 Nf3 29. Bxf3 Rxf3 30. Qe2 Qf5 31. Rf1 e4 32. d6 Rxd6 33. Rxf3 Rxd1+ 34. Qxd1 exf3 35. Qd8+ Bf8 36. Kg1 Qe4 37. Qd1 c4 38. Kf1 b5 39. Bf4 cxb3 40. Qxb3+ Kg7 41. Qxb5 Be7 42. Qe5+ Qxe5 43. Bxe5+ Kf7 44. Kf2 Ke6 45. Bd4 a6 1/2-1/2

[Event "Montcalm 4 2006-07"]
[Site "Quebec CAN"]
[Date "2007.01.18"]
[Round "2"]
[White "Lessard, Claude"]
[Black "Audet-Bouchard, Nicolas"]
[Result "0-1"]
[WhiteElo "1989"]
[BlackElo "2178"]
[PlyCount "62"]
[GameId "2160767910735178"]
[EventDate "2007.01.11"]
[EventType "tourn"]
[EventRounds "5"]
[EventCountry "CAN"]
[SourceTitle "EXT 2008"]
[Source "ChessBase"]
[SourceDate "2007.11.25"]
[SourceVersion "1"]
[SourceVersionDate "2007.11.25"]
[SourceQuality "1"]

1. d4 Nf6 2. c4 e6 3. Nf3 Bb4+ 4. Nbd2 b6 5. a3 Bxd2+ 6. Qxd2 Bb7 7. e3 Ne4 8. Qc2 O-O 9. Bd3 f5 10. b4 a5 11. Bb2 axb4 12. axb4 Rxa1+ 13. Bxa1 Ng5 14. Ke2 d6 15. c5 Nxf3 16. gxf3 Qh4 17. Rg1 f4 18. e4 Qxh2 19. Qc1 d5 20. Rh1 Qg2 21. e5 g6 22. Rg1 Qh2 23. b5 bxc5 24. dxc5 c6 25. Qb1 Qh5 26. bxc6 Bxc6 27. Bxg6 hxg6 28. Rxg6+ Kh8 29. Rxe6 d4 30. Qb3 Bxf3+ 31. Qxf3 d3+ 0-1

[Event "Montcalm 4 2006-07"]
[Site "Quebec CAN"]
[Date "2007.01.18"]
[Round "2"]
[White "Monga, Alain"]
[Black "Dumont, Eric"]
[Result "1-0"]
[WhiteElo "1620"]
[BlackElo "1667"]
[PlyCount "77"]
[GameId "2160767910735179"]
[EventDate "2007.01.11"]
[EventType "tourn"]
[EventRounds "5"]
[EventCountry "CAN"]
[SourceTitle "EXT 2008"]
[Source "ChessBase"]
[SourceDate "2007.11.25"]
[SourceVersion "1"]
[SourceVersionDate "2007.11.25"]
[SourceQuality "1"]

1. e4 d5 2. exd5 Nf6 3. d4 Nxd5 4. c4 Nb6 5. Nc3 g6 6. Be3 Bg7 7. Nf3 O-O 8. Be2 Nc6 9. h3 Nd7 10. O-O e5 11. d5 Ne7 12. Re1 Nf5 13. Bg5 f6 14. Bc1 Nc5 15. b4 Nd7 16. c5 a5 17. Ba3 Re8 18. Ne4 axb4 19. Bxb4 Nd4 20. Nxd4 exd4 21. Bc4 Ne5 22. Bb3 Kh8 23. f4 Nf7 24. Rc1 f5 25. Nf2 Nh6 26. Nd3 Re4 27. Rxe4 fxe4 28. Ne5 Qh4 29. Qxd4 Qxf4 30. Bc3 Qxc1+ 31. Kf2 Qf4+ 32. Ke2 Qf8 33. d6 Nf5 34. Qd5 Ng3+ 35. Ke3 Bh6+ 36. Kd4 Qf2+ 37. Kc4 Qf1+ 38. Kb4 Bd7 39. Nxg6# 1-0

[Event "Montcalm 4 2006-07"]
[Site "Quebec CAN"]
[Date "2007.01.18"]
[Round "2"]
[White "Plante, Rejean"]
[Black "Caron, Sebastien"]
[Result "1-0"]
[WhiteElo "2152"]
[BlackElo "1879"]
[PlyCount "153"]
[GameId "2160767910735180"]
[EventDate "2007.01.11"]
[EventType "tourn"]
[EventRounds "5"]
[EventCountry "CAN"]
[SourceTitle "EXT 2008"]
[Source "ChessBase"]
[SourceDate "2007.11.25"]
[SourceVersion "1"]
[SourceVersionDate "2007.11.25"]
[SourceQuality "1"]

1. c4 e5 2. Nc3 c6 3. Nf3 d6 4. d4 exd4 5. Qxd4 Nf6 6. Bg5 Be7 7. e4 O-O 8. Rd1 Nbd7 9. Be2 Qb6 10. O-O Rd8 11. Rd2 Qxd4 12. Nxd4 Nb6 13. Rfd1 Be6 14. b3 h6 15. Bf4 Ne8 16. Nxe6 fxe6 17. Bg4 Kf7 18. Rd3 Nd7 19. Bh5+ g6 20. Be2 Kg7 21. Bg4 Nf8 22. e5 d5 23. Be3 b6 24. f4 Nc7 25. Bf3 Rac8 26. Ne2 Na6 27. cxd5 cxd5 28. Nd4 Nb8 29. g3 Rd7 30. h4 a6 31. h5 Bc5 32. hxg6 Kxg6 33. Kg2 Bxd4 34. Bxd4 Rc6 35. R3d2 Rdc7 36. Be2 Nbd7 37. Bxa6 Nc5 38. Bb5 Ne4 39. Bxc6 Rxc6 40. Re2 h5 41. Kf3 Nd7 42. Rh1 Rc8 43. Reh2 Ra8 44. Rxh5 Rxa2 45. Rh6+ Kf7 46. Rh7+ Ke8 47. Rh8+ Nf8 48. Ra1 Rxa1 49. Bxa1 Nd2+ 50. Ke2 Nxb3 51. Bb2 Kf7 52. Rh1 Nc5 53. g4 Ne4 54. Rc1 Ng6 55. Rc7+ Ke8 56. Ke3 Nh4 57. Rh7 Ng2+ 58. Kf3 Ne1+ 59. Ke2 Ng2 60. f5 Nf4+ 61. Ke3 Ng2+ 62. Kd4 Ng5 63. Rh8+ Kf7 64. fxe6+ Nxe6+ 65. Kxd5 Ne3+ 66. Ke4 Nxg4 67. Rb8 Nf2+ 68. Kd5 Nf4+ 69. Kc4 N2d3 70. Bd4 Ne1 71. Rb7+ Ke6 72. Rxb6+ Kd7 73. Rd6+ Ke8 74. Rf6 Nh5 75. Rf5 Ng7 76. Rf2 Ne6 77. Bc3 1-0

[Event "Montcalm 4 2006-07"]
[Site "Quebec CAN"]
[Date "2007.01.25"]
[Round "3"]
[White "Audet-Bouchard, Nicolas"]
[Black "Plante, Rejean"]
[Result "1-0"]
[WhiteElo "2178"]
[BlackElo "2152"]
[PlyCount "81"]
[GameId "2160767910735182"]
[EventDate "2007.01.11"]
[EventType "tourn"]
[EventRounds "5"]
[EventCountry "CAN"]
[SourceTitle "EXT 2008"]
[Source "ChessBase"]
[SourceDate "2007.11.25"]
[SourceVersion "1"]
[SourceVersionDate "2007.11.25"]
[SourceQuality "1"]

1. e4 c5 2. Nf3 e6 3. d4 cxd4 4. Nxd4 a6 5. Bd3 Qc7 6. O-O Nf6 7. Qe2 Nc6 8. Nxc6 dxc6 9. Nd2 e5 10. a4 b6 11. Nc4 Bc5 12. Kh1 Be6 13. c3 a5 14. Bg5 Nd7 15. Bd2 O-O 16. Ne3 Rfe8 17. g3 Nf8 18. f4 Rad8 19. f5 Bb3 20. Rf3 Qd7 21. Nf1 f6 22. g4 Qf7 23. Be1 Qe7 24. c4 Bb4 25. Bc3 Nd7 26. Nd2 Bxc3 27. Nxb3 Bb4 28. Rg1 Nc5 29. Nxc5 Bxc5 30. Rg2 h6 31. h4 Rd4 32. g5 fxg5 33. hxg5 hxg5 34. Rh3 Rd6 35. Rgh2 Qd7 36. Rh8+ Kf7 37. Qh5+ Ke7 38. Qxg5+ Rf6 39. Qxg7+ Rf7 40. Qxf7+ Kxf7 41. R8h7+ 1-0

[Event "Montcalm 4 2006-07"]
[Site "Quebec CAN"]
[Date "2007.01.25"]
[Round "3"]
[White "Caron, Sebastien"]
[Black "Auger, Bertrand"]
[Result "1-0"]
[WhiteElo "1879"]
[BlackElo "1970"]
[PlyCount "117"]
[GameId "2160767910735183"]
[EventDate "2007.01.11"]
[EventType "tourn"]
[EventRounds "5"]
[EventCountry "CAN"]
[SourceTitle "EXT 2008"]
[Source "ChessBase"]
[SourceDate "2007.11.25"]
[SourceVersion "1"]
[SourceVersionDate "2007.11.25"]
[SourceQuality "1"]

1. e4 e6 2. d4 d5 3. Nd2 Nf6 4. e5 Nfd7 5. f4 c5 6. c3 Nc6 7. Ndf3 Qb6 8. g3 Be7 9. Bh3 O-O 10. Kf1 f5 11. Kg2 Nd8 12. g4 g6 13. gxf5 gxf5 14. Ne2 Kh8 15. Rg1 Rg8+ 16. Kh1 Rxg1+ 17. Qxg1 Nf8 18. b3 Bd7 19. Be3 Rc8 20. Ng3 Be8 21. Qg2 Bg6 22. Rg1 Nf7 23. Nh5 Nd7 24. Ng3 c4 25. b4 Nh6 26. Qf2 Rg8 27. Nf1 Qd8 28. N1d2 Nf8 29. Rg3 Nf7 30. Rg1 h6 31. Bf1 Bh5 32. Be2 Bg4 33. Bf1 Ng6 34. h3 Bh5 35. Be2 Bxf3+ 36. Nxf3 Nh4 37. Rxg8+ Kxg8 38. Qg1+ Kh7 39. Nxh4 Bxh4 40. Bf2 Be7 41. Bh5 Qg8 42. Qd1 b5 43. a4 a6 44. axb5 axb5 45. Qa1 Nh8 46. Qa7 Qg7 47. Qd7 Ng6 48. Bxg6+ Kxg6 49. Qxe6+ Kh7 50. Qxf5+ Kh8 51. Qc8+ Kh7 52. Qf5+ Kh8 53. Qg4 Qf7 54. f5 Bg5 55. Bg3 Qa7 56. f6 Qa1+ 57. Kg2 Qb2+ 58. Bf2 Be3 59. Qg7# 1-0

[Event "Montcalm 4 2006-07"]
[Site "Quebec CAN"]
[Date "2007.01.25"]
[Round "3"]
[White "Dumont, Eric"]
[Black "Cummins, Paul"]
[Result "0-1"]
[WhiteElo "1667"]
[BlackElo "1673"]
[PlyCount "62"]
[GameId "2160767910735184"]
[EventDate "2007.01.11"]
[EventType "tourn"]
[EventRounds "5"]
[EventCountry "CAN"]
[SourceTitle "EXT 2008"]
[Source "ChessBase"]
[SourceDate "2007.11.25"]
[SourceVersion "1"]
[SourceVersionDate "2007.11.25"]
[SourceQuality "1"]

1. f4 e5 2. e4 exf4 3. Nf3 d6 4. d4 h6 5. Bxf4 g5 6. Bg3 Bg7 7. c3 Ne7 8. Nbd2 Ng6 9. Qb3 g4 10. Ng1 Nc6 11. Bc4 O-O 12. Qc2 Qg5 13. Ne2 h5 14. O-O-O h4 15. Kb1 hxg3 16. hxg3 b5 17. Bd3 b4 18. Rh2 bxc3 19. bxc3 Rb8+ 20. Ka1 Qa5 21. e5 Be6 22. Nc4 Bxc4 23. Bxc4 Nce7 24. Rdh1 dxe5 25. Rh5 Rfd8 26. Rg5 Rd5 27. dxe5 Rxe5 28. Rxg6 Nxg6 29. Nd4 Rc5 30. Bxf7+ Kxf7 31. Rf1+ Kg8 0-1

[Event "Montcalm 4 2006-07"]
[Site "Quebec CAN"]
[Date "2007.01.25"]
[Round "3"]
[White "Perreault, Jacquelin"]
[Black "Sarra-Bournet, Marc"]
[Result "0-1"]
[WhiteElo "1825"]
[BlackElo "1759"]
[PlyCount "70"]
[GameId "2160767910735185"]
[EventDate "2007.01.11"]
[EventType "tourn"]
[EventRounds "5"]
[EventCountry "CAN"]
[SourceTitle "EXT 2008"]
[Source "ChessBase"]
[SourceDate "2007.11.25"]
[SourceVersion "1"]
[SourceVersionDate "2007.11.25"]
[SourceQuality "1"]

1. e4 e5 2. Nf3 Nc6 3. Bb5 a6 4. Ba4 Nf6 5. O-O b5 6. Bb3 Be7 7. Re1 d6 8. c3 O-O 9. h3 Na5 10. Bc2 c5 11. d4 Qc7 12. Nbd2 Bd7 13. b3 Rfc8 14. d5 c4 15. b4 Nb7 16. a4 a5 17. axb5 axb4 18. b6 Qxb6 19. Rxa8 Rxa8 20. Nxc4 Qc7 21. Bd3 bxc3 22. Qb3 Nc5 23. Qxc3 Nxd3 24. Qxd3 Bb5 25. Nfxe5 dxe5 26. d6 Qxc4 27. Qxc4 Bxc4 28. dxe7 Ra7 29. Be3 Rxe7 30. Rc1 Rc7 31. Rb1 Rc8 32. f3 Nd7 33. Rb7 Nf8 34. g3 Ne6 35. f4 f6 0-1

[Event "Montcalm 4 2006-07"]
[Site "Quebec CAN"]
[Date "2007.01.25"]
[Round "3"]
[White "Sauve, Richard"]
[Black "Lessard, Claude"]
[Result "1-0"]
[WhiteElo "2039"]
[BlackElo "1989"]
[PlyCount "86"]
[GameId "2160767910735186"]
[EventDate "2007.01.11"]
[EventType "tourn"]
[EventRounds "5"]
[EventCountry "CAN"]
[SourceTitle "EXT 2008"]
[Source "ChessBase"]
[SourceDate "2007.11.25"]
[SourceVersion "1"]
[SourceVersionDate "2007.11.25"]
[SourceQuality "1"]

1. d4 Nf6 2. c4 c5 3. d5 b5 4. cxb5 a6 5. bxa6 g6 6. Nc3 d6 7. e4 Bg7 8. Nf3 O-O 9. Bc4 Bxa6 10. Bxa6 Nxa6 11. O-O Qb6 12. Re1 Nd7 13. Re2 Ne5 14. Nxe5 Bxe5 15. Bh6 Rfb8 16. Kh1 c4 17. Be3 Nc5 18. Bd4 Bxd4 19. Qxd4 Qa6 20. Rb1 Nd3 21. Rd2 Nc5 22. g3 Rb4 23. e5 Rab8 24. exd6 exd6 25. Re2 Qc8 26. Kg2 Qf5 27. Rbe1 Qd7 28. Re7 Qd8 29. Qf6 Qf8 30. Qxd6 Nd3 31. R1e2 Rxb2 32. Qf6 Rxe2 33. Rxe2 Qc8 34. Re7 Qf5 35. Qxf5 gxf5 36. d6 Kf8 37. Rc7 Rd8 38. Nb5 Nb2 39. Kf3 Rb8 40. Nd4 Ke8 41. Nxf5 h5 42. Ng7+ Kd8 43. Rxf7 Rb6 1-0

[Event "Montcalm 4 2006-07"]
[Site "Quebec CAN"]
[Date "2007.02.01"]
[Round "4"]
[White "Audet-Bouchard, Nicolas"]
[Black "Sauve, Richard"]
[Result "1-0"]
[WhiteElo "2178"]
[BlackElo "2039"]
[PlyCount "65"]
[GameId "2160767910735187"]
[EventDate "2007.01.11"]
[EventType "tourn"]
[EventRounds "5"]
[EventCountry "CAN"]
[SourceTitle "EXT 2008"]
[Source "ChessBase"]
[SourceDate "2007.11.25"]
[SourceVersion "1"]
[SourceVersionDate "2007.11.25"]
[SourceQuality "1"]

1. e4 e6 2. d4 d5 3. Nc3 Nf6 4. Bg5 Bb4 5. e5 h6 6. Bd2 Bxc3 7. bxc3 Ne4 8. Qg4 g6 9. Bd3 Nxd2 10. Kxd2 c5 11. h4 Qa5 12. Nf3 Nc6 13. Qf4 cxd4 14. Nxd4 Nxd4 15. Qxd4 Bd7 16. Rhb1 Bc6 17. a4 O-O 18. h5 g5 19. f4 Qd8 20. Rf1 Qe7 21. g3 f6 22. exf6 Qxf6 23. a5 a6 24. Qxf6 Rxf6 25. fxg5 Rxf1 26. Rxf1 hxg5 27. Rf6 e5 28. Rg6+ Kf7 29. Rxg5 e4 30. Be2 Re8 31. Ke3 Re6 32. c4 Rd6 33. cxd5 1-0

[Event "Montcalm 4 2006-07"]
[Site "Quebec CAN"]
[Date "2007.02.01"]
[Round "4"]
[White "Cummins, Paul"]
[Black "Fortier, Bertrand"]
[Result "1-0"]
[WhiteElo "1673"]
[BlackElo "1662"]
[PlyCount "53"]
[GameId "2160767910735188"]
[EventDate "2007.01.11"]
[EventType "tourn"]
[EventRounds "5"]
[EventCountry "CAN"]
[SourceTitle "EXT 2008"]
[Source "ChessBase"]
[SourceDate "2007.11.25"]
[SourceVersion "1"]
[SourceVersionDate "2007.11.25"]
[SourceQuality "1"]

1. e4 c5 2. Nf3 Nc6 3. d4 cxd4 4. Nxd4 g6 5. Be3 Bg7 6. c3 Nf6 7. Bd3 O-O 8. h3 Ne5 9. f4 Nxd3+ 10. Qxd3 d5 11. e5 Ne4 12. g4 e6 13. Nf3 f6 14. Nbd2 Nxd2 15. Qxd2 b6 16. O-O-O Bb7 17. Bd4 b5 18. g5 fxe5 19. Nxe5 Rf5 20. Ng4 Qf8 21. Bxg7 Kxg7 22. Qd4+ e5 23. fxe5 Rf4 24. Qd2 d4 25. Nf6 Rf5 26. Rhe1 dxc3 27. Qd7+ 1-0